The Silly Story of Goldie Locks and the Three Squares (Record no. 48635)
| 000 -LEADER | |
|---|---|
| fixed length control field | 00425nam a22001217a 4500 |
| 008 - FIXED-LENGTH DATA ELEMENTS--GENERAL INFORMATION | |
| fixed length control field | 250318b |||||||| |||| 00| 0 eng d |
| 020 ## - INTERNATIONAL STANDARD BOOK NUMBER | |
| International Standard Book Number | 9780590543446 |
| 100 ## - MAIN ENTRY--PERSONAL NAME | |
| Personal name | Grace MacCarone (Author), Anne Kennedy (Illustrator) |
| 9 (RLIN) | 86143 |
| 245 ## - TITLE STATEMENT | |
| Title | The Silly Story of Goldie Locks and the Three Squares |
| 260 ## - PUBLICATION, DISTRIBUTION, ETC. (IMPRINT) | |
| Place of publication, distribution, etc | United State of America |
| Name of publisher, distributor, etc | Cartwheel Books |
| Date of publication, distribution, etc | 1996 |
| 300 ## - PHYSICAL DESCRIPTION | |
| Extent | 32 p |
| Other physical details | col. ill. |
| Dimensions | 6.5 x 0.25 x 9.25 inches |
| 942 ## - ADDED ENTRY ELEMENTS (KOHA) | |
| Source of classification or shelving scheme | |
| Withdrawn status | Lost status | Source of classification or shelving scheme | Damaged status | Not for loan | Collection code | Home library | Current library | Date acquired | Total Checkouts | Full call number | Barcode | Date last seen | Price effective from | Koha item type |
|---|---|---|---|---|---|---|---|---|---|---|---|---|---|---|
| Siem Reap | Asian Hope Siem Reap | Asian Hope Siem Reap | 03/18/2025 | FIC GRA | 207769 | 03/18/2025 | 03/18/2025 | Book |